Reneszánsz - kezdet és vég magyar filozófiatörténeti írások
Elmentve itt :
| Szerző: | |
|---|---|
| Adatforrás: | Philobibl |
| Dokumentumtípus: | Könyv |
| Nyelv: | magyar |
| Kulcsszavak: | filozófia, magyar történetírás reneszánsz filozófiatörténet |
| Megjelent: |
Budapest
Osiris
2021
|
| LEADER | 00464nam a2200157 c 4500 | ||
|---|---|---|---|
| 001 | bibJAT01128871 | ||
| 005 | 20231201091333.3 | ||
| 008 | 220209s2021 hu 00100 hun d | ||
| 100 | 1 | |a Perecz László | |
| 245 | 1 | 0 | |a Reneszánsz - kezdet és vég |b magyar filozófiatörténeti írások |c Perecz László |
| 260 | |a Budapest |b Osiris |c 2021 | ||
| 300 | |a 240 p. | ||
| 695 | |a filozófia, magyar | ||
| 695 | |a történetírás | ||
| 695 | |a reneszánsz | ||
| 695 | |a filozófiatörténet | ||